000 00675nam a22002177a 4500
003 UA-OsUOA
001 92094
007 ta
008 20121210b un ||||| |||| 00| 0 ukr d
100 _aМарчак Д.
090 _a330(477)
_bМ30
942 _cSA
040 _aUA-OsUOA
_bukr
_cUA-OsUOA
_dUA-OsUOA
245 _aВигоди та ризики урядових валютних облігацій для внутрішніх запозичень
300 _aС.16-18
955 _a0
041 _aukr
080 _a330(477)
773 0 _w92087
_tФінансовий ринок України
_dК.
_d2012
_g10
650 7 _a330 Економіка взагалі
_2UDC
999 _c378348
_d378348